| 000 | 01553nam a22002297a 4500 | ||
|---|---|---|---|
| 999 |
_c58367 _d58367 |
||
| 003 | Ge_BSU | ||
| 005 | 20220729135433.0 | ||
| 008 | 211207s2021 ge ||||| |||| 00| 0 geo d | ||
| 041 | _ageo | ||
| 080 | _a902/904 ბ-97 | ||
| 100 |
_aბურკაძე, ლანა _913190 |
||
| 245 |
_aრომაული სამხედრო დასახლებები კოლხეთში : _bდისერტაცია / _cლანა ბურკაძე; სამეცნ. ხელ-ლი ე. კახიძე ; ბსუ. ჰუმანიტარულ მეცნიერებათა ფაკულტეტი. ისტორიის არქეოლოგიისა და ეთნოგრაფიის დეპარტამენტი. |
||
| 264 |
_aბათუმი, _c2021. |
||
| 300 |
_a154 გვ. : _bსურ.; _c30 სმ. |
||
| 501 | _aსურ. გვ. 130-154 | ||
| 504 | _aბიბლიოგრ. გვ. 121-128 | ||
| 653 | _aისტორია | ||
| 653 | _aრომაული სამხედრო დასახლებები კოლხეთში | ||
| 700 |
_aკახიძე, ე. _eსამეცნიერო ხელმძღვანელი _91464 |
||
| 710 |
_aბსუ. ჰუმანიტარულ მეცნიერებათა ფაკულტეტი. _bისტორიის არქეოლოგიისა და ეთნოგრაფიის დეპარტამენტი. _913191 |
||
| 942 |
_2udc _cDS |
||